00000000nam##2200000za#4500
0019.546968
003CaOODSP
00520200709171242
007ta
008150406|2008||||xxc|||||     f|0| 0 eng|d
040 |aCaOODSP|beng
041 |aeng
041 |afre
043 |an-cn---
0861 |aRv55-5/1-8-1-2008
1102 |aCanada Border Services Agency.
24510|aLicensing of customs brokers
260 |aOttawa - Ontario : |bCanada Border Services Agency
300 |aEnglish text, 12p. : |bfigs., references ; |c28 cm.
4901 |aCustoms D memoranda. D1, General |vD1-8-1, September 17, 2008
563 |aProcessed
7760#|tLicensing of customs brokers |w(CaOODSP)9.564816
7760#|tAgrément des courtiers en douane |w(CaOODSP)9.596476
792 |tAgrément des courtiers en douane |efre|w(CaOODSP)9.546969
830#0|aCustoms D memoranda. D1, General ;|vD1-8-1, September 17, 2008|w(CaOODSP)9.510780